000 00444nam a22001697a 4500
003 NUST - PNEC
005 20170116180848.0
008 150824b xxu||||| |||| 00| 0 eng d
020 _a0412342308
040 _cLIBRARY
082 _a620.00420285 DAV
100 _95568
_a Davies, Brian L
245 _aComputer-aided drawing and design
_cBrian L, Davies
260 _cc 1986
650 _95570
_aComputer graphics
_xGernal
942 _2ddc
_cBK
999 _c64531
_d64531